Flughafen Codes Großbritannien - Statistiken

Allgemein
  • Dieses Quiz wurde 52 mal gespielt
  • Das Durchschnittsergebnis liegt bei 13 aus 32
Antwortstatistiken
Passagiere (2016) Flughafen Code % Korrekt
25.637.054 Manchester MAN
93%
88.844.310 London Heathrow LHR
88%
43.119.628 London Gatwick LGW
80%
9.327.193 Glasgow GLA
68%
12.348.425 Edinburgh EDI
65%
7.610.780 Bristol BRS
58%
4.538.813 London City LCY
58%
847.257 Exeter EXE
55%
791.651 Isle of Man IOM
55%
14.645.619 London Luton LTN
55%
1.781.457 Southampton SOU
55%
548.320 Gibraltar GIB
53%
24.320.071 London Stansted STN
53%
1.664.175 Jersey JER
50%
783.017 Inverness INV
48%
4.778.939 Liverpool LPL
40%
5.147.546 Belfast BFS
38%
11.645.334 Birmingham BHX
38%
4.807.906 Newcastle upon Tyne NCL
33%
4.653.818 Nottingham/East Midlands EMA
25%
4.078.069 Leeds/Bradford LBA
23%
506.007 Norwich NWI
23%
2.955.338 Aberdeen ABZ
18%
2.665.139 Belfast City BHD
15%
667.981 Bournemouth BOH
15%
1.255.907 Doncaster/Sheffield DSA
15%
874.549 London Southend SEN
15%
1.581.302 Cardiff CWL
13%
673.323 Glasgow/Prestwick PIK
10%
818.459 Hamilton (Bermuda) BDA
8%
837.615 Guernsey GCI
8%
1.127.353 George Town (Cayman Islands) GCM
3%
Keine übereinstimmenden Quizze gefunden
Verteilung der Resultate
Anzahl Personen mit jedem Resultat
Perzentil nach korrekt beantworteten Fragen
Ihre Resultats-Entwicklung
Sie haben dieses Quiz noch nicht gespielt